LIBRARY & INFORMATION CENTRE, KCAET, TAVANUR

ONLINE PUBLIC ACCESS CATALOGUE (OPAC)

Keralam valarunnu, Part-6 / (Record no. 5065)

MARC details
000 -LEADER
fixed length control field 00446cam a2200169ua 4500
041 ## - LANGUAGE CODE
Language code of text/sound track or separate title mal
082 ## - DEWEY DECIMAL CLASSIFICATION NUMBER
Classification number 894.8121
Item number NAR/KE
100 ## - MAIN ENTRY--AUTHOR NAME
Personal name Narayanan Nair, Pala.
245 ## - TITLE STATEMENT
Title Keralam valarunnu, Part-6 /
260 ## - PUBLICATION, DISTRIBUTION, ETC. (IMPRINT)
Place of publication Kottayam :
Name of publisher Sahitya Pravarthaka Co-operative Society ,
Year of publication 1959.
300 ## - PHYSICAL DESCRIPTION
Number of Pages 88 ; .
942 ## - ADDED ENTRY ELEMENTS (KOHA)
Koha item type Books
Holdings
Withdrawn status Lost status Damaged status Home library Current library Date acquired Full call number Accession Number Koha item type
Withdrawn     KAUAET Malayalam University 07/04/2012 894.8121 157 Books
free website counter